000
00319nam a22001217a 4500
008
160422b xxu||||| |||| 00| 0 eng d
020
_a
9780721603575
020
_a
100721603572
041
_a
eng
080
_a
618.2
245
_a
Core curriculum for oncology nursing:
_c
Joanne K. Itano; Karen N. Taoka;
942
_2
udc
_c
BK
999
_c
1505
_d
1505